Premier League Teams with Red Home Kit - Statistics

General Stats
  • This quiz has been taken 24 times
  • The average score is 12 of 18
Answer Stats
Current League Answer % Correct
Premier League Manchester United
100%
Premier League Liverpool
95%
Premier League Arsenal
89%
Premier League Sheffield United
84%
Premier League Southampton
84%
Premier League West Ham United
79%
Premier League Aston Villa
74%
Championship Stoke City
74%
Championship Bournemouth
68%
Premier League Burnley
68%
Championship Nottingham Forest
68%
League One Sunderland
68%
Championship Middlesbrough
63%
Premier League Crystal Palace
58%
Championship Barnsley
47%
League One Swindon Town
37%
League One Charlton Athletic
32%
League Two Bradford City
26%
No matching quizzes found
Score Distribution
Percent of People with Each Score
Percentile by Number Answered
Your Score History
You have not taken this quiz